000 00903nam a22002177a 4500
003 OSt
005 20260128094020.0
008 230626b ||||| |||| 00| 0 eng d
040 _cSSBUL
041 _ashan
082 _223
_a495.9198
100 0 _aပိင်ႇၺႃႇၽေႃးၵ၊
_cၸဝ်ႈသြႃႇလူင်။
_926828
245 1 0 _aၵႂၢမ်းမၢၼ်ႈ - ၵႂၢမ်းတႆး သွင်ၽႃႇသႃႇ လၢၵ်ႈၸွႆးၵျၢမ်း /
_cၶပ်းၶိုင် - မုၵ်ႉၸုမ်းလိၵ်ႈတႆး ဝဵင်းတူၼ်ႈတီး။
260 _c2015 ။
300 _a167 ၼႃႈ၊
_c21 ၸိၼ်ႇတီႇ။
500 _a S-SAT: Dr. Prof Sai Aung Tun
650 _aၵႂၢမ်းတႆး - ၵႂၢမ်းမၢၼ်ႈ
_926829
942 _cBK
942 _2ddc
942 _2ddc
999 _c26390
_d26390